00565nam a2200169Ia 4500008004100000020001300041050002800054100002100082245006600103260004100169300003300210521000700243526000800250650004400258650004700302650004600349140306s9999 xx 000 0 und d a43920643 aE 185.97.K5 b.J33 2001 aJackson, Garnet  aMartin Luther King, Jr. : ba man of peace /cGarnet Jackson. aNew York :bScholastic Inc.,cc2001. a48 p. :bcol. ill. ;c24 cm. aG4 c600 aAfrican AmericansxJuvenile literature. aCivil rights workersxJuvenile literature. aKing, Martin LutherxJuvenile literature.